Đại Nam thực lục T.1
Quốc sử quán Triều Nguyễn. Tổ phiên dịch Viện Sử học phiên dịch; Tiền biên và Chính biên, Kỷ thứ nhất (từ 1558 đến 1819)
Zapisane w:
| 1. autor: | |
|---|---|
| Kolejni autorzy: | |
| Format: | Książka |
| Język: | Undetermined |
| Wydane: |
H.
Giáo dục
2002
|
| Hasła przedmiotowe: | |
| Dostęp online: | http://lrc.tdmu.edu.vn/opac/search/detail.asp?aID=2&ID=20521 |
| Etykiety: |
Dodaj etykietę
Nie ma etykietki, Dołącz pierwszą etykiete!
|
| Thư viện lưu trữ: | Trung tâm Học liệu Trường Đại học Thủ Dầu Một |
|---|
| LEADER | 00961nam a2200229Ia 4500 | ||
|---|---|---|---|
| 001 | TDMU_20521 | ||
| 008 | 210410s9999 xx 000 0 und d | ||
| 082 | |a 959.7029 | ||
| 090 | |b NG527 | ||
| 100 | |a Nguyễn, Ngọc Tỉnh | ||
| 245 | 0 | |a Đại Nam thực lục | |
| 245 | 0 | |c Nguyễn Ngọc Tỉnh (Phiên dịch); Đào Duy Anh Hiệu đính | |
| 245 | 0 | |n T.1 | |
| 260 | |a H. | ||
| 260 | |b Giáo dục | ||
| 260 | |c 2002 | ||
| 300 | |a 1076tr. | ||
| 520 | |a Quốc sử quán Triều Nguyễn. Tổ phiên dịch Viện Sử học phiên dịch; Tiền biên và Chính biên, Kỷ thứ nhất (từ 1558 đến 1819) | ||
| 650 | |a Lịch sử Việt Nam |y Triều Nguyễn | ||
| 700 | |a Trung tâm Khoa học xã hội và Nhân văn quốc gia | ||
| 856 | |u http://lrc.tdmu.edu.vn/opac/search/detail.asp?aID=2&ID=20521 | ||
| 980 | |a Trung tâm Học liệu Trường Đại học Thủ Dầu Một | ||